| 000 | 01112nam a22002897i 4500 | ||
|---|---|---|---|
| 003 | OSt | ||
| 005 | 20171114130844.0 | ||
| 008 | 171109s2017 spcac | 000 0dcat|d | ||
| 017 |
_aDL B 13443-2017 _bBiblioteca de Catalunya |
||
| 020 | _a9788416738335 | ||
| 040 |
_aES-GiUDG _bcat _cCDMR |
||
| 100 | 1 |
_aBertrana, Aurora, _d1892-1974, |
|
| 245 | 1 | 0 |
_aParadisos oceànics _b: amb un capítol de les seves memòries i vuit narracions inèdites en català traduïdes per Jenn Díaz / _cAurora Bertrana ; paratextos d'Oriol Ponsatí-Murlà, Neus Real, Josep M. Fonalleras, Jenn Díaz i Iolanda Batallé |
| 250 | _aPrimera edició | ||
| 260 |
_aBarcelona : _bRata, _c2017 |
||
| 300 |
_a283 pàgines : _bIl·lustracions, fotografies ; _c20 cm |
||
| 490 | 1 |
_aRata Books ; _v60 |
|
| 650 | 0 | 4 |
_9797 _aReportatges literaris |
| 650 | 4 |
_93139 _aPeriodistes catalans _vBiografia |
|
| 650 | 4 |
_92913 _aDones periodistes |
|
| 700 | 1 | _aPonsatí-Murlà, Oriol, | |
| 700 | 1 | _aReal Mercadal, Neus, | |
| 700 | 1 |
_aFonalleras, Josep Maria, _d1959- |
|
| 700 | 1 |
_aDíaz, Jenn, _d1988- |
|
| 700 | 1 | _aBatallé, Iolanda, | |
| 942 | _cMON | ||
| 999 |
_c7074 _d7074 |
||